Statystyki dla Słowa kończące się na -sja

Kliknij tutaj aby rozwiązać quiz!

Ogólne statystyki

  • Ten quiz został rozwiązany 55 razy
  • Średni wynik to 4 z 15

Statystyki odpowiedzi

.Odpowiedź% Poprawnych
sesja
61%
.misja
57%
pasja
50%
Rosja
50%
pensja
33%
presja
28%
komisja
26%
posesja
24%
wersja
22%
depresja
20%
torsja
11%
fuksja
9%
opresja
9%
procesja
7%
dywersja
0%

Rozkład punktacji

Percentyl według liczby udzielonych odpowiedzi

Procent ludzi z każdym wynikiem

Twoja historia wyników

Nie rozwiązałeś tego quizu